| 000 | 00719nam a22002297a 4500 | ||
|---|---|---|---|
| 003 | UA-OsUOA | ||
| 001 | 126787 | ||
| 007 | ta | ||
| 008 | 20171106b un ||||| |||| 00| 0 ukr d | ||
| 100 | _aЗвєряков М. І. | ||
| 700 | _a. Жердецька Л. В. | ||
| 090 |
_a330(477) _bЗ-43 |
||
| 942 | _cSA | ||
| 040 |
_aUA-OsUOA _bukr _cUA-OsUOA _dUA-OsUOA |
||
| 245 | _aБанківський та реальний сектори економіки України: оцінка взаємозв'язків і детермінант розвитку | ||
| 300 | _aС. 31-49 | ||
| 955 | _a0 | ||
| 041 | _aukr | ||
| 080 | _a330(477) | ||
| 773 | 0 | _w126773 | |
| 650 | 7 |
_a330 Економіка взагалі _2UDC |
|
| 999 |
_c413933 _d413933 |
||